000 005200000a22001810004500
020 _a0-87808-201-8
041 0 _aENG
082 0 4 _aG 266.023 W784n
100 1 _aWinter, Roberta H.
245 1 0 _aI will do a new thing : The U.S. Center for world mission ... and beyond / Roberta H. Winter
260 _aPasadena, CA., USA : William Carey
300 _aXIV, 303 Pag
001 7580
942 _cBK
999 _c37787
_d37787
336 _atexto
_btxt
_2rdacontent
337 _2rdamedia
_asin mediación
_bn
338 _2rdacarrier
_avolumen
_bnc